| 000 | 00690nam a22002177a 4500 | ||
|---|---|---|---|
| 005 | 20161130170302.0 | ||
| 010 | _aENG-116718 | ||
| 020 |
_a9788184845433 _c880.00 |
||
| 035 | _aEN-100250 | ||
| 037 | _bDBAD/PUB | ||
| 082 | _a658.3124 | ||
| 100 | _aMohammad Ashraf Ali | ||
| 245 |
_aOrganisational learning and its effectiveness / _cedited by Mohammad Ashraf Ali [and] Sarfaraz Javed |
||
| 260 |
_aNew Delhi _bRegal Publications _c2016 |
||
| 270 |
_aF-159, Rajouri Garden _bNew Delhi _e110027 |
||
| 300 |
_axii,207p.: _c23cm(Hb) _bill |
||
| 500 | _aIncludes index | ||
| 700 | _a Mohammad Ashraf Ali | ||
| 700 | _aSarfaraz Javed | ||
| 942 |
_2ddc _cEN _h658.3124 _mORG |
||
| 999 |
_c104887 _d104887 |
||